000 00517nam a2200121Ia 4500
008 220620s9999||||xx |||||||||||||| ||und||
100 _aSabol, Steve
245 0 _a"The Touch of Civilization"
_bComparing American and Russian Internal Colonization
546 _aEnglish[eng]
650 _aHistory||Kazakhs||Russia||Russians||Sioux||Steppe||United States
856 _uhttps://library.oapen.org/bitstream/20.500.12657/45444/1/625902.pdf||https://library.oapen.org/bitstream/20.500.12657/45444/1/625902.pdf
942 _cEB
999 _c23650
_d23650